| 000 | 00652nam a2200193 i 4500 | ||
|---|---|---|---|
| 001 | 76322 | ||
| 003 | ES-MaACL | ||
| 005 | 20230906172813.0 | ||
| 007 | t| | ||
| 008 | 040930s1970 sp ||||1| spa d | ||
| 100 | 1 |
_aGross, Herbert. _960167 |
|
| 245 | 1 | 3 |
_aUn secreto comercial _b: el "Boom" de los sistemas de franquicia / _cHerbert Gross, Walther ; [traducción de Carmen Penella de Silva y Ladislao Lomoschitz]. |
| 260 |
_aSalamanca : _bAnaya, _c1970. |
||
| 300 |
_a239 p. ; _c18 cm. |
||
| 700 | 1 |
_aSkaupy, Walther. _9106738 |
|
| 700 | 1 |
_aPenella, Carmen. _990164 |
|
| 700 | 1 |
_aLomoschitz, Ladislao. _973206 |
|
| 852 |
_aES-MaACL _jC-44284 _bR.76280 |
||
| 999 |
_c76322 _d76322 |
||